000 00670nam a22002297a 4500
003 PILC
005 20150430160325.0
008 150430b xxu||||| |||| 00| 0 eng d
020 _a9715845185
050 _aRT 89
_b.Sw885 2006
100 _aRoussel, Linda.
245 _aNursing management and leadership /
_cLinda Roussel.
250 _a4th ed.
260 _aSudbury, MA :
_bJones and Bartlett Publisher, Inc.,
_c2006.
300 _a498 pages :
_billustrations ;
_c26 cm.
500 _aIncludes index.
521 _aNursing
650 _aNursing Services
_xAdministration.
650 _aNurse Administrators.
650 _aLeadership.
942 _2lcc
_cBK
_kFOR
999 _c283812
_d283812